[Event "4NCL/Div2/RIC-3CS"]
[Site "Rd-7 Birmingham"]
[Date "2002.03.23"]
[Round "7.7"]
[White "Nixon, Thomas CM"]
[Black "Gordon, Stpehen J"]
[Result "0-1"]
[WhiteElo "2160"]
[BlackElo "1968"]
[PlyCount "104"]
[EventDate "2002.03.23"]

1. d4 Nf6 2. c4 e6 3. Nf3 Bb4+ 4. Bd2 Qe7 5. Qc2 Bxd2+ 6. Nbxd2 d6 7. e3 O-O 8.
Be2 e5 9. dxe5 dxe5 10. O-O Nc6 11. Qc3 Bf5 12. Rfd1 a5 13. a3 Rfe8 14. Nf1 Ne4
15. Qb3 Nc5 16. Qc3 a4 17. Ng3 Bg6 18. Nd2 Na5 19. Re1 b6 20. f4 f6 21. f5 Bf7
22. Rad1 e4 23. Qc2 Qe5 24. Nb1 Nd3 25. Bxd3 exd3 26. Rxd3 Nxc4 27. Rc3 b5 28.
Nd2 Nxd2 29. Qxd2 Rad8 30. Qc1 Bc4 31. Rd1 Rd6 32. Re1 Red8 33. Qb1 Rd2 34. Rc2
R2d3 35. Rce2 Rb3 36. Rf2 Rxe3 37. Rxe3 Qxe3 38. Nf1 Qd4 39. Nd2 Bd3 40. Qa2+
Qd5 41. Qxd5+ Rxd5 42. g4 h5 43. h3 hxg4 44. hxg4 c5 45. Nf3 b4 46. Ne1 Rd4 47.
Nxd3 Rxd3 48. Kg2 bxa3 49. bxa3 Rd4 50. Kf3 c4 51. Rc2 Kf7 52. Rc3 Ke7 0-1

[Event "4NCL/Div2/RIC-3CS"]
[Site "Rd-7 Birmingham"]
[Date "2002.03.23"]
[Round "7.8"]
[White "Roberts, Elizabeth H"]
[Black "Wilson, Alexandra"]
[Result "0-1"]
[WhiteElo "1456"]
[BlackElo "2099"]
[PlyCount "64"]
[EventDate "2002.03.23"]

1. e4 c5 2. Nc3 Nc6 3. g3 g6 4. Bg2 Bg7 5. d3 d6 6. Be3 Rb8 7. Qd2 b5 8. a3 e6
9. b4 Nd4 10. f4 Qb6 11. Rb1 cxb4 12. Rxb4 Nxc2+ 13. Qxc2 Qxe3+ 14. Nge2 Qc5
15. d4 Qc7 16. Qb3 a6 17. O-O Ne7 18. Rc1 Qa7 19. Qb1 Bd7 20. a4 Nc6 21. Rb2
Nxd4 22. Nxd4 Bxd4+ 23. Kh1 Rc8 24. Qd3 Bxc3 25. Rxc3 Rxc3 26. Qxc3 O-O 27.
axb5 Bxb5 28. Qa3 Qc5 29. Qxc5 dxc5 30. e5 c4 31. Bb7 Rd8 32. Kg1 c3 0-1

[Event "4NCL/Div2/PY-BAR3"]
[Site "Rd-7 Birmingham"]
[Date "2002.03.23"]
[Round "7.1"]
[White "Bigg, Andrew J"]
[Black "Hodgson, John H"]
[Result "1/2-1/2"]
[WhiteElo "2250"]
[BlackElo "2214"]
[PlyCount "53"]
[EventDate "2002.03.23"]

1. d4 Nf6 2. Bg5 Ne4 3. h4 d5 4. Nd2 Bf5 5. e3 h6 6. Bf4 e6 7. g4 Bg6 8. h5 Bh7
9. Nxe4 Bxe4 10. f3 Bh7 11. Bd3 Bxd3 12. Qxd3 c6 13. Nh3 Bd6 14. Qb3 Bxf4 15.
Nxf4 Qc7 16. Rg1 Nd7 17. O-O-O O-O-O 18. g5 e5 19. Ne2 Nf8 20. dxe5 hxg5 21.
Rxg5 Ne6 22. Rf5 g6 23. hxg6 fxg6 24. Rf6 Qxe5 25. Rxg6 Rde8 26. Qd3 Nc5 27.
Qd4 1/2-1/2

[Event "4NCL/Div2/PY-BAR3"]
[Site "Rd-7 Birmingham"]
[Date "2002.03.23"]
[Round "7.2"]
[White "Mack, Andrew"]
[Black "Addison, Bret C"]
[Result "1-0"]
[WhiteElo "2275"]
[BlackElo "2235"]
[PlyCount "53"]
[EventDate "2002.03.23"]

1. e4 e5 2. Nf3 Nc6 3. d4 exd4 4. Nxd4 Qf6 5. Nxc6 Qxc6 6. Nc3 Bb4 7. Bd3 Ne7
8. O-O O-O 9. Nd5 Nxd5 10. exd5 Qf6 11. Qg4 Bc5 12. Qe4 Qg6 13. Qc4 Qb6 14. Bd2
d6 15. Bc3 a5 16. a3 a4 17. Rae1 c6 18. Re7 cxd5 19. Qxd5 Qc6 20. Qh5 h6 21.
Be4 Qb5 22. Bd5 Be6 23. Rxe6 fxe6 24. Bxe6+ Kh7 25. Bf5+ Kg8 26. Qg6 Bd4 27.
Bxd4 1-0

[Event "4NCL/Div2/PY-BAR3"]
[Site "Rd-7 Birmingham"]
[Date "2002.03.23"]
[Round "7.3"]
[White "Mutton, Jonathan B"]
[Black "Rich, Mark"]
[Result "1/2-1/2"]
[WhiteElo "2196"]
[BlackElo "2180"]
[PlyCount "76"]
[EventDate "2002.03.23"]

1. e4 c5 2. Nf3 d6 3. d4 cxd4 4. Nxd4 Nf6 5. Nc3 a6 6. Be2 e5 7. Nb3 Be7 8. O-O
Be6 9. f4 exf4 10. Bxf4 Nc6 11. Kh1 O-O 12. Qe1 Nd7 13. Qg3 Nde5 14. Rad1 Bh4
15. Qe3 Re8 16. Qd2 Be7 17. Nd5 Rc8 18. c3 f6 19. Nxe7+ Qxe7 20. Qxd6 Qxd6 21.
Rxd6 Nf7 22. Rxe6 Rxe6 23. Bg4 Rce8 24. Bxe6 Rxe6 25. Re1 Nce5 26. Re2 Nd3 27.
Bc7 Rxe4 28. Rxe4 Nf2+ 29. Kg1 Nxe4 30. Na5 Nfd6 31. c4 Kf7 32. c5 Nb5 33. Bb6
Ke6 34. Nxb7 Kd5 35. b4 Nec3 36. a3 Nxa3 37. Nd6 Nc2 38. Ba5 Na2 1/2-1/2

[Event "4NCL/Div2/PY-BAR3"]
[Site "Rd-7 Birmingham"]
[Date "2002.03.23"]
[Round "7.4"]
[White "Galloway, Iain"]
[Black "Taylor, Martin R"]
[Result "0-1"]
[WhiteElo "2135"]
[BlackElo "2179"]
[PlyCount "96"]
[EventDate "2002.03.23"]

1. e4 e5 2. Nf3 Nc6 3. Nc3 Nf6 4. a3 d6 5. d3 Be7 6. Be2 O-O 7. Bg5 Nd4 8. Nxd4
exd4 9. Bxf6 Bxf6 10. Nd5 Bg5 11. c3 c6 12. Nb4 dxc3 13. bxc3 d5 14. O-O Bf6
15. Qc2 a5 16. Na2 dxe4 17. dxe4 Qe7 18. f4 Qxa3 19. Kh1 Qc5 20. e5 Be7 21. Nc1
a4 22. Bd3 g6 23. Re1 f5 24. Ne2 Be6 25. Rxa4 Rxa4 26. Qxa4 b5 27. Qc2 Ra8 28.
Nd4 Bd5 29. Nb3 Qa3 30. c4 Qb4 31. Nd2 bxc4 32. Bxc4 Bxc4 33. Rb1 Ra2 34. Qxc4+
Qxc4 35. Nxc4 Rc2 36. Nb6 Kf7 37. g3 Ke6 38. Nc8 Bc5 39. Rb7 h6 40. Rg7 g5 41.
fxg5 hxg5 42. Rxg5 Kxe5 43. Rg6 Ke4 44. Rf6 Rd2 45. Rf7 Be3 46. Ne7 Kf3 47. h4
f4 48. Rxf4+ Kxg3 0-1

[Event "4NCL/Div2/PY-BAR3"]
[Site "Rd-7 Birmingham"]
[Date "2002.03.23"]
[Round "7.5"]
[White "Rendle, Thomas E"]
[Black "Karayiannis, Costas"]
[Result "1/2-1/2"]
[WhiteElo "2135"]
[BlackElo "2157"]
[PlyCount "51"]
[EventDate "2002.03.23"]

1. e4 c5 2. Nf3 Nc6 3. Bb5 g6 4. O-O Bg7 5. Bxc6 dxc6 6. d3 Nf6 7. Nc3 Nd7 8.
Be3 e5 9. a3 Qe7 10. Qb1 O-O 11. b4 b6 12. bxc5 Nxc5 13. Qb4 Re8 14. Bxc5 bxc5
15. Qa4 Qd6 16. Nd2 Qd4 17. Qa5 Be6 18. Nf3 Qd6 19. Rab1 Bf8 20. Rb7 c4 21.
Nxe5 cxd3 22. Nxd3 Qd4 23. Nf4 Bc4 24. Rd1 Rxe4 25. g3 Qe5 26. Qxe5 1/2-1/2

[Event "4NCL/Div2/PY-BAR3"]
[Site "Rd-7 Birmingham"]
[Date "2002.03.23"]
[Round "7.6"]
[White "Flower, David"]
[Black "Gilbert, Jessie"]
[Result "1-0"]
[WhiteElo "2094"]
[BlackElo "2090"]
[PlyCount "51"]
[EventDate "2002.03.23"]

1. Nf3 g6 2. g3 Bg7 3. Bg2 d6 4. d4 Nf6 5. c4 O-O 6. Nc3 c6 7. O-O Nbd7 8. e4
e5 9. d5 c5 10. Nd2 Ne8 11. f4 exf4 12. gxf4 f5 13. Nf3 h6 14. Qe1 fxe4 15. Nh4
g5 16. fxg5 Rxf1+ 17. Qxf1 hxg5 18. Nf5 Bxc3 19. bxc3 Qf6 20. Bxe4 Ne5 21. Rb1
b6 22. Rb2 g4 23. Nh6+ Kg7 24. Rf2 Qe7 25. Rf5 Ng6 26. Rf7+ 1-0

[Event "4NCL/Div2/PY-BAR3"]
[Site "Rd-7 Birmingham"]
[Date "2002.03.23"]
[Round "7.7"]
[White "Woodward, Timothy DM"]
[Black "Ozeren, Kemal"]
[Result "1/2-1/2"]
[WhiteElo "2128"]
[BlackElo "2120"]
[PlyCount "77"]
[EventDate "2002.03.23"]

1. Nf3 Nf6 2. c4 c5 3. Nc3 b6 4. g3 Bb7 5. Bg2 e6 6. O-O Be7 7. Re1 d5 8. cxd5
Nxd5 9. e4 Nb4 10. d4 cxd4 11. Nxd4 N8c6 12. Be3 Nxd4 13. Bxd4 O-O 14. a3 e5
15. Bxe5 Nd3 16. Bc7 Qxc7 17. Qxd3 Rfd8 18. Nd5 Bxd5 19. exd5 Qd6 20. Rac1 g6
21. Qa6 Bf8 22. Rc6 Qd7 23. Qc4 Bd6 24. Rc1 Re8 25. h4 h5 26. Kh2 Qe7 27. Kg1
Rad8 28. Qc2 Qe2 29. Qxe2 Rxe2 30. R6c2 Rxc2 31. Rxc2 Kg7 32. Kf1 Kf6 33. Ke2
Rd7 34. Rc6 Ke7 35. Kd3 Rc7 36. Rxc7+ Bxc7 37. Kc4 a6 38. Bh3 Kd6 39. a4
1/2-1/2

[Event "4NCL/Div2/WS-PP1"]
[Site "Rd-7 Birmingham"]
[Date "2002.03.23"]
[Round "7.1"]
[White "Rose, Matthew"]
[Black "Swanson, Stephen"]
[Result "1/2-1/2"]
[WhiteElo "2219"]
[BlackElo "2271"]
[PlyCount "153"]
[EventDate "2002.03.23"]

1. e4 g6 2. d4 Bg7 3. Nc3 d6 4. Be3 a6 5. Qd2 Nd7 6. Nf3 b5 7. a4 b4 8. Ne2 a5
9. c3 Ngf6 10. Ng3 Bb7 11. Bd3 bxc3 12. bxc3 O-O 13. h3 e5 14. O-O Re8 15. d5
Qe7 16. Rab1 Bxd5 17. exd5 e4 18. Nd4 exd3 19. Nc6 Qf8 20. Qxd3 h5 21. c4 h4
22. Ne2 Ne4 23. Ned4 Ndc5 24. Qc2 f5 25. Nb5 Qf7 26. Rfe1 Kh7 27. f3 Ng3 28.
Bg5 f4 29. Bxh4 Nf5 30. Bf2 Ne3 31. Bxe3 fxe3 32. Nc3 Bh6 33. Ne2 Qf6 34. Rf1
Qf5 35. Qxf5 gxf5 36. Ncd4 f4 37. Nf5 Rf8 38. Nxh6 Kxh6 39. g3 fxg3 40. Kg2
Nxa4 41. Rb3 Rae8 42. Nxg3 Nb6 43. Rc3 Rf4 44. Ne4 Rg8+ 45. Kh2 Rg7 46. Rxe3
Nxc4 47. Rc3 Ne5 48. Ra3 Rgf7 49. Kg2 Nc4 50. Rc3 Nb6 51. Rd1 R4f5 52. Rcd3
Rg7+ 53. Ng3 Rf4 54. Kf2 Rgf7 55. Ne2 Rb4 56. f4 a4 57. Rg1 Rb3 58. Rgg3 Rb5
59. Rg5 Rb3 60. Rd1 Rxf4+ 61. Nxf4 Kxg5 62. Ne6+ Kf6 63. Nxc7 Rxh3 64. Ke2 Ke5
65. Rb1 Rb3 66. Rh1 a3 67. Kd2 Rg3 68. Kc2 Kd4 69. Nb5+ Kc5 70. Nc3 Re3 71. Ra1
Nc4 72. Kb3 Rh3 73. Rc1 Rd3 74. Rc2 Ne3 75. Rd2 a2 76. Rxd3 a1=Q 77. Rxe3
1/2-1/2

[Event "4NCL/Div2/WS-PP1"]
[Site "Rd-7 Birmingham"]
[Date "2002.03.23"]
[Round "7.2"]
[White "Waddington, Michael P"]
[Black "Haydon, Richard"]
[Result "1/2-1/2"]
[WhiteElo "2219"]
[BlackElo "2208"]
[PlyCount "59"]
[EventDate "2002.03.23"]

1. Nc3 g6 2. e4 Bg7 3. d4 d6 4. Bg5 c6 5. Qd2 b5 6. O-O-O Nd7 7. f4 Nb6 8. e5
d5 9. Kb1 Nc4 10. Bxc4 bxc4 11. Na4 f6 12. Bh4 Nh6 13. exf6 exf6 14. Re1+ Kf7
15. Nf3 Qc7 16. Rhf1 Rf8 17. Ng5+ Kg8 18. Ne6 Bxe6 19. Rxe6 Nf5 20. Bf2 Bh6 21.
g3 Nd6 22. Nc5 f5 23. Re2 Ne4 24. Nxe4 fxe4 25. Be3 Rab8 26. Ref2 Qb7 27. c3
Qd7 28. Qd1 Rf7 29. h4 Rbf8 30. Qe2 1/2-1/2

[Event "4NCL/Div2/WS-PP1"]
[Site "Rd-7 Birmingham"]
[Date "2002.03.23"]
[Round "7.3"]
[White "Headlong, Timothy"]
[Black "Moore, Gerald"]
[Result "1/2-1/2"]
[WhiteElo "2232"]
[BlackElo "2233"]
[PlyCount "39"]
[EventDate "2002.03.23"]

1. Nf3 Nf6 2. c4 b6 3. g3 c5 4. Bg2 Bb7 5. O-O g6 6. Nc3 Bg7 7. d4 cxd4 8. Qxd4
d6 9. Bg5 Nbd7 10. Rac1 Rc8 11. b3 a6 12. Rfd1 O-O 13. Qd2 Rc7 14. Bh6 Qa8 15.
Bxg7 Kxg7 16. Ne1 Rfc8 17. Qb2 Kg8 18. Bxb7 Qxb7 19. a4 Nc5 20. f3 1/2-1/2

[Event "4NCL/Div2/WS-PP1"]
[Site "Rd-7 Birmingham"]
[Date "2002.03.23"]
[Round "7.4"]
[White "Rosen, Daniel B"]
[Black "Smallbone, Kieran"]
[Result "0-1"]
[WhiteElo "2228"]
[BlackElo "2110"]
[PlyCount "36"]
[EventDate "2002.03.23"]

1. e4 d6 2. d4 Nf6 3. Nc3 c6 4. f4 Qb6 5. h3 e5 6. Nf3 exd4 7. Nxd4 Be7 8. Bc4
O-O 9. Bb3 Re8 10. Be3 Nxe4 11. Nxe4 Bh4+ 12. Kf1 Rxe4 13. Bxf7+ Kxf7 14. Qh5+
Kg8 15. Qxh4 Rxe3 16. Re1 Rxe1+ 17. Qxe1 Kf7 18. Nf3 h6 0-1

[Event "4NCL/Div2/WS-PP1"]
[Site "Rd-7 Birmingham"]
[Date "2002.03.23"]
[Round "7.5"]
[White "Dickinson, Tim R"]
[Black "Byway, Paul V"]
[Result "1/2-1/2"]
[WhiteElo "2179"]
[BlackElo "2216"]
[PlyCount "84"]
[EventDate "2002.03.23"]

1. e4 c5 2. Ne2 Nc6 3. g3 d5 4. Bg2 dxe4 5. Nbc3 Nf6 6. Nxe4 Nxe4 7. Bxe4 Bf5
8. f3 Qd7 9. b3 O-O-O 10. Bb2 e5 11. d3 f6 12. Qd2 Bd6 13. O-O-O Bc7 14. Qe3
Bb6 15. Bxf5 Qxf5 16. Qe4 Qd7 17. f4 Bc7 18. f5 Ba5 19. g4 Nd4 20. Ng3 Nb5 21.
Qa4 Bc3 22. Ne4 Bxb2+ 23. Kxb2 Qd4+ 24. c3 Qxa4 25. bxa4 Nc7 26. Nxc5 Rd5 27.
Nb3 Rhd8 28. Kc2 Na6 29. h4 b6 30. g5 Nc5 31. Nxc5 bxc5 32. gxf6 gxf6 33. Rhg1
c4 34. d4 exd4 35. Rxd4 Rxd4 36. cxd4 Rxd4 37. h5 Rf4 38. h6 Rxf5 39. Rg7 Rh5
40. Rxh7 Rh3 41. a5 a6 42. Kd2 Kb8 1/2-1/2

[Event "4NCL/Div2/WS-PP1"]
[Site "Rd-7 Birmingham"]
[Date "2002.03.23"]
[Round "7.6"]
[White "Hansen, Hans-Peter"]
[Black "Bourne, Johnathan D"]
[Result "1-0"]
[WhiteElo "2144"]
[BlackElo "2008"]
[PlyCount "67"]
[EventDate "2002.03.23"]

1. c4 c5 2. Nc3 Nc6 3. Nf3 e5 4. g3 g6 5. Bg2 Bg7 6. O-O Nge7 7. a3 O-O 8. Rb1
a5 9. Ne1 d6 10. Nc2 f5 11. d3 f4 12. b4 axb4 13. axb4 Rb8 14. Nd5 g5 15. bxc5
dxc5 16. Ba3 Qd6 17. Rb5 Be6 18. Bxc5 Qd7 19. Nxe7+ Nxe7 20. Qb1 Nc6 21. Bxf8
Bxf8 22. Rb6 Nd8 23. Qb5 Qc7 24. Bd5 Bxd5 25. Qxd5+ Kh8 26. Rfb1 Bc5 27. R6b5
b6 28. d4 exd4 29. Qxg5 fxg3 30. Qf6+ Kg8 31. hxg3 Nf7 32. Nxd4 Nd6 33. Ne6 Qa7
34. Rxc5 1-0

[Event "4NCL/Div2/WS-PP1"]
[Site "Rd-7 Birmingham"]
[Date "2002.03.23"]
[Round "7.7"]
[White "Jones, Nicholas C"]
[Black "Morgan, Ben"]
[Result "1/2-1/2"]
[WhiteElo "1864"]
[BlackElo "2200"]
[PlyCount "150"]
[EventDate "2002.03.23"]

1. e4 c5 2. Nf3 Nc6 3. d4 cxd4 4. Nxd4 g6 5. Nxc6 bxc6 6. Qd4 Nf6 7. e5 Nd5 8.
e6 Nf6 9. exd7+ Bxd7 10. Bc4 Bg7 11. O-O O-O 12. c3 Qa5 13. Qh4 Rab8 14. Nd2
Qh5 15. Qxh5 Nxh5 16. Nb3 Nf6 17. Re1 Rfe8 18. Bf4 Ra8 19. Be5 Nd5 20. Rad1 Nb6
21. Bxg7 Kxg7 22. Ba6 Be6 23. Bb7 Rab8 24. Bxc6 Rec8 25. Nd4 Kf6 26. Nxe6 Rxc6
27. Nf4 e6 28. Ne2 Na4 29. b3 Nxc3 30. Nxc3 Rxc3 31. Rd2 Rb5 32. g3 g5 33. Rd7
Ra5 34. Rd2 h5 35. Kg2 Kf5 36. Ree2 Rc1 37. Rc2 Ra1 38. f3 e5 39. h3 Rd1 40.
g4+ hxg4 41. hxg4+ Ke6 42. Rc6+ Rd6 43. Rc7 Rda6 44. a4 Rd5 45. Rec2 Rd7 46.
Kf2 Rb6 47. Rxd7 Kxd7 48. Rc3 f6 49. Ke3 Rb4 50. Kd2 Kd6 51. Ke3 Kd5 52. Rd3+
Ke6 53. Kd2 f5 54. Kc3 Rb7 55. Re3 fxg4 56. fxg4 Rf7 57. Re4 Kd5 58. Rb4 Rf3+
59. Kd2 Rf7 60. Ke3 Rd7 61. Rb5+ Ke6 62. a5 Rd4 63. Rb7 Rxg4 64. Rxa7 Rb4 65.
Ra6+ Kd5 66. Rg6 Rxb3+ 67. Kf2 Ke4 68. Rxg5 Rb2+ 69. Ke1 Ra2 70. Rg3 Rxa5 71.
Ke2 Ra2+ 72. Ke1 Rc2 73. Ra3 Kd4 74. Rh3 Rc3 75. Rxc3 Kxc3 1/2-1/2

[Event "4NCL/Div2/WS-PP1"]
[Site "Rd-7 Birmingham"]
[Date "2002.03.23"]
[Round "7.8"]
[White "Aarons, Poppy J"]
[Black "Smith, Lucy K"]
[Result "1/2-1/2"]
[WhiteElo "1464"]
[BlackElo "1472"]
[PlyCount "64"]
[EventDate "2002.03.23"]

1. e4 c5 2. Nc3 d6 3. f4 Nc6 4. Nf3 Nf6 5. Bb5 e6 6. Bxc6+ bxc6 7. d3 Be7 8.
O-O h6 9. Qe1 Rb8 10. h3 Nh7 11. Qg3 g6 12. Nh2 h5 13. Qf3 d5 14. f5 exf5 15.
exd5 cxd5 16. Qxd5 Bb7 17. Qe5 f6 18. Qe2 Kf7 19. Bf4 Rc8 20. Rae1 Qd7 21. a4
a6 22. b3 Rhe8 23. Qf2 Bd6 24. Nd1 Qc7 25. Bxd6 Qxd6 26. Nb2 Ng5 27. h4 Ne6 28.
Nc4 Qc7 29. Nf3 Nf8 30. a5 Rcd8 31. Kh1 Nd7 32. Ng1 Ne5 1/2-1/2